Delayering organizations : (Record no. 345162)

000 -LEADER
fixed length control field 00809 a2200205 4500
020 ## - INTERNATIONAL STANDARD BOOK NUMBER
International Standard Book Number 0273603833
020 ## - INTERNATIONAL STANDARD BOOK NUMBER
International Standard Book Number 9780273603832
090 ## - LOCALLY ASSIGNED LC-TYPE CALL NUMBER (OCLC); LOCAL CALL NUMBER (RLIN)
-- 2670
-- 2670
100 1# - MAIN ENTRY--PERSONAL NAME
Personal name Keuning, Doede.
245 10 - TITLE STATEMENT
Title Delayering organizations :
Remainder of title how to beat bureaucracy and create a flexible and responsible organization /
Statement of responsibility, etc. Doede Keuning.
260 ## - PUBLICATION, DISTRIBUTION, ETC.
Place of publication, distribution, etc. [S.l.] :
Name of publisher, distributor, etc. Financial Times Management,
Date of publication, distribution, etc. 1994.
300 ## - PHYSICAL DESCRIPTION
Extent 224 p. ;
Dimensions 24 cm.
490 1# - SERIES STATEMENT
Series statement Financial times/pitman publishing series.
500 ## - GENERAL NOTE
General note Hardcover.
700 1# - ADDED ENTRY--PERSONAL NAME
Personal name Opheij, Wilfrid.
830 #0 - SERIES ADDED ENTRY--UNIFORM TITLE
Uniform title Financial times/pitman publishing series.
856 40 - ELECTRONIC LOCATION AND ACCESS
Materials specified Amazon.com
Uniform Resource Identifier <a href="http://www.amazon.com/exec/obidos/ASIN/0273603833/chopaconline-20">http://www.amazon.com/exec/obidos/ASIN/0273603833/chopaconline-20</a>
856 40 - ELECTRONIC LOCATION AND ACCESS
Materials specified Amazon customer reviews
Uniform Resource Identifier <a href="http://www.chopac.org/cgi-bin/tools/azrev.pl?q=0273603833">http://www.chopac.org/cgi-bin/tools/azrev.pl?q=0273603833</a>
942 ## - ADDED ENTRY ELEMENTS (KOHA)
Institution code [OBSOLETE] NBS
Koha item type Book
Call number prefix 302.35 KEU
Holdings
Withdrawn status Lost status Damaged status Not for loan Permanent Location Current Location Date acquired Total Checkouts Full call number Barcode Date last seen Date last checked out Price effective from Koha item type
        Central Library (CL) Central Library (CL) 08/28/2013 1 302.35 KEU NBS1306 11/22/2017 07/20/2017 08/28/2013 Book
© 2023 Central Library, National University of Sciences and Technology. All Rights Reserved.